[Event "Copa Latinoamericana de Ajedrez 2011"]
[Site "Montevideo URU"]
[Date "2011.11.04"]
[Round "5.98"]
[White "Britos, Alejandro"]
[Black "Baes, Diego"]
[Result "1/2-1/2"]
[WhiteElo "2052"]
[BlackElo "1377"]
[PlyCount "176"]
[EventDate "2011.11.01"]
[EventType "swiss"]
[EventRounds "9"]
[EventCountry "URU"]
[Source "lmi"]
[SourceDate "2011.11.01"]

1. e4 c5 2. Nf3 d6 3. d4 cxd4 4. c3 dxc3 5. Nxc3 e6 6. Bg5 Be7 7. Bf4 a6 8. Bc4
Qc7 9. Qd3 Nc6 10. Rc1 Nf6 11. O-O b5 12. Bb3 O-O 13. Nxb5 axb5 14. Qxb5 Ba6
15. Rxc6 Bxb5 16. Rxc7 Bxf1 17. Rxe7 Be2 18. Nd2 Rac8 19. h3 Rc1+ 20. Kh2 Bd1
21. Bxd6 Bxb3 22. Nxb3 Rc2 23. e5 Nd5 24. Ba3 Nxe7 25. Bxe7 Re8 26. Ba3 Rxf2
27. Kg3 Rf5 28. Bd6 f6 29. Nd4 fxe5 30. Nxf5 exf5 31. Kf2 Re6 32. Bb4 g5 33.
Ke3 Rc6 34. Bc3 Rc4 35. Kd3 Re4 36. g4 Ra4 37. gxf5 Rxa2 38. Ke4 Ra4+ 39. Kxe5
Kf7 40. f6 Rh4 41. Kf5 h6 42. b4 Rxh3 43. Bd4 Rf3+ 44. Ke5 Rxf6 45. b5 Rf1 46.
b6 g4 47. Kd6 Rb1 48. Ke5 g3 49. Kf4 g2 50. b7 Rf1+ 51. Ke4 Rb1 52. Kf3 Rxb7
53. Kxg2 Rb3 54. Be5 Kg6 55. Bc7 Kf5 56. Bd6 Kg4 57. Be5 h5 58. Bf6 Rd3 59. Be5
h4 60. Kh2 Rd2+ 61. Kg1 Kh3 62. Bf4 Rd1+ 63. Kf2 Kg4 64. Bc7 h3 65. Bb8 Rh1 66.
Bc7 Rc1 67. Bb8 Rc2+ 68. Kg1 Kf3 69. Bd6 Rg2+ 70. Kh1 Kf2 71. Bc5+ Kf1 72. Bd6
h2 73. Bc7 Rg1+ 74. Kxh2 Rg6 75. Kh1 Rg1+ 76. Kh2 Rg7 77. Bb6 Rh7+ 78. Kg3 Rb7
79. Bc5 Rb5 80. Ba7 Rg5+ 81. Kh2 Rg2+ 82. Kh1 Rb2 83. Bd4 Rb4 84. Be5 Kf2 85.
Bd6 Rb1+ 86. Kh2 Rb5 87. Bg3+ Kf1 88. Bc7 Rh5+ 1/2-1/2

[Event "Copa Latinoamericana de Ajedrez 2011"]
[Site "Montevideo URU"]
[Date "2011.11.04"]
[Round "5.103"]
[White "Rey, Fernando"]
[Black "De San Vicente, Sabrina"]
[Result "1/2-1/2"]
[WhiteElo "1810"]
[BlackElo "1779"]
[PlyCount "66"]
[EventDate "2011.11.01"]
[EventType "swiss"]
[EventRounds "9"]
[EventCountry "URU"]
[Source "lmi"]
[SourceDate "2011.11.01"]

1. e4 e5 2. Nf3 Nf6 3. d4 Nxe4 4. Bd3 d5 5. Nxe5 Nd7 6. Nxd7 Bxd7 7. O-O Qh4 8.
c4 O-O-O 9. c5 g6 10. Nc3 Bg7 11. g3 Nxc3 12. gxh4 Nxd1 13. Rxd1 Bxd4 14. Bf1
Bxc5 15. Rxd5 Bd6 16. Bg5 Rde8 17. Rc1 Bc6 18. Rd3 Kb8 19. Bf6 Rhg8 20. Rb3 Bd5
21. Rb5 Be6 22. Bg2 b6 23. Bc6 Ref8 24. Rd1 a6 25. Rg5 h6 26. Rg2 Bh3 27. Rg3
Bxg3 28. hxg3 Be6 29. Rd4 g5 30. Kh2 gxh4 31. Rxh4 Rg6 32. Be7 Rfg8 33. Bf3 Re8
1/2-1/2

[Event "Copa Latinoamericana de Ajedrez 2011"]
[Site "Montevideo URU"]
[Date "2011.11.04"]
[Round "5.106"]
[White "Quevedo, Andreina"]
[Black "Nacelle, Daniel"]
[Result "1-0"]
[WhiteElo "1530"]
[BlackElo "1860"]
[PlyCount "107"]
[EventDate "2011.11.01"]
[EventType "swiss"]
[EventRounds "9"]
[EventCountry "URU"]
[Source "lmi"]
[SourceDate "2011.11.01"]

1. e4 c6 2. d4 d5 3. exd5 cxd5 4. Nf3 Bg4 5. Bd3 Nc6 6. c3 Qc7 7. O-O e6 8.
Nbd2 Bd6 9. Qc2 Nf6 10. h3 Bh5 11. Re1 Bg6 12. Nb3 Bxd3 13. Qxd3 Kf8 14. Bd2
Rc8 15. Rac1 h6 16. Qe2 a5 17. Ne5 a4 18. Na1 Ne4 19. Nxc6 Qxc6 20. Nc2 Qc4 21.
Qxc4 Rxc4 22. Be3 Ke7 23. f3 Ng3 24. Bd2 Nf5 25. Ne3 Nxe3 26. Rxe3 Rhc8 27. Re2
Bg3 28. b3 axb3 29. axb3 R4c7 30. Ra1 Kd6 31. Kf1 g5 32. Rc1 Rc6 33. Ra1 Rb6
34. b4 Rbc6 35. Ra5 b6 36. Ra7 R8c7 37. Ra8 Rc8 38. Ra7 R6c7 39. Ra6 Kc6 40.
Ra4 Kb5 41. Ra2 Bf4 42. Be1 Rc4 43. Rec2 Be3 44. Ke2 Bxd4 45. Ra3 Rxb4 46. cxb4
Rxc2+ 47. Kd3 Rc4 48. Ra7 f6 49. Rh7 Be5 50. Rxh6 Rd4+ 51. Ke3 Kc4 52. Rh8 Rd3+
53. Ke2 d4 54. Rc8+ 1-0

[Event "Copa Latinoamericana de Ajedrez 2011"]
[Site "Montevideo URU"]
[Date "2011.11.04"]
[Round "5.107"]
[White "Uslenghi, Leonel"]
[Black "Sanchez Britos, Alexander"]
[Result "1/2-1/2"]
[WhiteElo "1781"]
[BlackElo "1682"]
[PlyCount "88"]
[EventDate "2011.11.01"]
[EventType "swiss"]
[EventRounds "9"]
[EventCountry "URU"]
[Source "lmi"]
[SourceDate "2011.11.01"]

1. Nf3 Nc6 2. d4 d5 3. e3 e6 4. Bd3 Bd6 5. O-O Nf6 6. Nbd2 O-O 7. b3 Bb4 8. Bb2
Bxd2 9. Qxd2 Re8 10. Ne5 Nxe5 11. dxe5 Ne4 12. Bxe4 dxe4 13. Qxd8 Rxd8 14. Rad1
Re8 15. Rd4 f5 16. exf6 gxf6 17. Rxe4 b6 18. Rd1 Bb7 19. Rg4+ Kf7 20. Rd7+ Re7
21. Rg7+ Kxg7 22. Rxe7+ Kf8 23. Rxc7 Be4 24. f3 Bxc2 25. Rxc2 f5 26. Rc7 h5 27.
Bf6 Re8 28. Rxa7 b5 29. Rh7 Kg8 30. Rh8+ Kf7 31. Rxe8 Kxe8 32. a4 b4 33. Kf2
Kd7 34. Kg3 Kc6 35. Kh4 Kd5 36. Kxh5 e5 37. Kg5 f4 38. exf4 exf4 39. h4 Ke6 40.
h5 Kf7 41. a5 Ke6 42. h6 Kd5 43. h7 Kc5 44. h8=Q Kb5 1/2-1/2

[Event "Copa Latinoamericana de Ajedrez 2011"]
[Site "Montevideo URU"]
[Date "2011.11.04"]
[Round "5.108"]
[White "Bengochea, Ricardo"]
[Black "Sanchez Britos, Ezequiel"]
[Result "1-0"]
[WhiteElo "1504"]
[BlackElo "1682"]
[PlyCount "71"]
[EventDate "2011.11.01"]
[EventType "swiss"]
[EventRounds "9"]
[EventCountry "URU"]
[Source "lmi"]
[SourceDate "2011.11.01"]

1. e4 e5 2. Nf3 Nc6 3. Bb5 Bd6 4. O-O Nf6 5. Nc3 O-O 6. d4 exd4 7. Nxd4 Nxd4 8.
Qxd4 Qe7 9. Qd1 Qe5 10. g3 Ng4 11. Bf4 Qh5 12. h4 Bxf4 13. Be2 g5 14. Bxg4 Qg6
15. Bf5 Qf6 16. Nd5 Qh6 17. Nxf4 gxh4 18. Qg4+ Kh8 19. Qh5 Qxh5 20. Nxh5 d6 21.
Nf6 Bxf5 22. exf5 hxg3 23. fxg3 d5 24. Nxd5 Rg8 25. Kg2 Rg7 26. f6 Rg6 27. Ne7
Rg5 28. Nf5 Re8 29. Rad1 Re2+ 30. Kg1 Rxc2 31. Rd8+ Rg8 32. Rd7 Rc8 33. Rxf7
Rxb2 34. Rf4 Re8 35. Rf1 Ree2 36. Rf8# 1-0

[Event "Copa Latinoamericana de Ajedrez 2011"]
[Site "Montevideo URU"]
[Date "2011.11.04"]
[Round "6.1"]
[White "Delgado Ramirez, Neuris"]
[Black "Bruzon Batista, Lazaro"]
[Result "1/2-1/2"]
[WhiteElo "2570"]
[BlackElo "2689"]
[PlyCount "21"]
[EventDate "2011.11.01"]
[EventType "swiss"]
[EventRounds "9"]
[EventCountry "URU"]
[Source "lmi"]
[SourceDate "2011.11.01"]

1. e4 c5 2. Nf3 e6 3. Nc3 a6 4. g3 b5 5. Bg2 Bb7 6. d3 d6 7. O-O Be7 8. e5 dxe5
9. Nxe5 Bxg2 10. Kxg2 Nf6 11. Qf3 1/2-1/2

[Event "Copa Latinoamericana de Ajedrez 2011"]
[Site "Montevideo URU"]
[Date "2011.11.04"]
[Round "6.2"]
[White "Mahia, Gustavo"]
[Black "Flores, Diego"]
[Result "1/2-1/2"]
[WhiteElo "2386"]
[BlackElo "2599"]
[PlyCount "63"]
[EventDate "2011.11.01"]
[EventType "swiss"]
[EventRounds "9"]
[EventCountry "URU"]
[Source "lmi"]
[SourceDate "2011.11.01"]

1. d4 Nf6 2. c4 e6 3. Nc3 c5 4. e3 d5 5. Nf3 Nc6 6. a3 a6 7. cxd5 exd5 8. Be2
Bd6 9. dxc5 Bxc5 10. O-O O-O 11. b4 Ba7 12. Bb2 Be6 13. Rc1 Rc8 14. Na4 Ne4 15.
Nd4 Nxd4 16. Bxd4 Rxc1 17. Qxc1 Bxd4 18. exd4 a5 19. Nc5 axb4 20. axb4 Nd6 21.
Bd3 Bc8 22. Re1 b6 23. Na4 Bb7 24. Qf4 Re8 25. Rxe8+ Nxe8 26. h4 Bc6 27. b5 Bd7
28. g3 Be6 29. Qe5 Nf6 30. Kg2 h6 31. f3 Nd7 32. Qd6 1/2-1/2

[Event "Copa Latinoamericana de Ajedrez 2011"]
[Site "Montevideo URU"]
[Date "2011.11.04"]
[Round "6.3"]
[White "Mareco, Sandro"]
[Black "Perez Ponsa, Federico"]
[Result "0-1"]
[WhiteElo "2583"]
[BlackElo "2484"]
[PlyCount "73"]
[EventDate "2011.11.01"]
[EventType "swiss"]
[EventRounds "9"]
[EventCountry "URU"]
[Source "lmi"]
[SourceDate "2011.11.01"]

1. d4 d6 2. Nf3 Nf6 3. c4 g6 4. Nc3 Bg7 5. e4 O-O 6. Be2 e5 7. O-O Nc6 8. d5
Ne7 9. Ne1 Nd7 10. Be3 f5 11. f3 f4 12. Bf2 g5 13. Rc1 Rf6 14. Nd3 Rh6 15. Kh1
Nf6 16. c5 Qe8 17. cxd6 cxd6 18. a4 a6 19. Qb3 Kh8 20. Bd1 g4 21. fxg4 Bxg4 22.
Ne1 Qh5 23. Bg1 b5 24. axb5 axb5 25. Bf3 Rc8 26. Qxb5 Bxf3 27. Nxf3 Rxc3 28.
Rxc3 Nxe4 29. Ne1 Nxc3 30. bxc3 Rf6 31. Qd7 Nf5 32. Bf2 e4 33. Bd4 Nxd4 34.
cxd4 Qe2 35. Rg1 h6 36. Qe8+ Kh7 37. Nf3 0-1

[Event "Copa Latinoamericana de Ajedrez 2011"]
[Site "Montevideo URU"]
[Date "2011.11.04"]
[Round "6.4"]
[White "Fier, Alexandr"]
[Black "Felgaer, Ruben"]
[Result "1-0"]
[WhiteElo "2573"]
[BlackElo "2573"]
[PlyCount "75"]
[EventDate "2011.11.01"]
[EventType "swiss"]
[EventRounds "9"]
[EventCountry "URU"]
[Source "lmi"]
[SourceDate "2011.11.01"]

1. d4 d5 2. c4 c6 3. Nf3 Nf6 4. Nc3 dxc4 5. a4 Bf5 6. Ne5 Nbd7 7. Nxc4 Nb6 8.
Ne5 a5 9. f3 Nfd7 10. Nxd7 Nxd7 11. e4 Bg6 12. Be3 e6 13. Bc4 Bb4 14. O-O O-O
15. Qb3 Qc7 16. Rac1 e5 17. dxe5 Bc5 18. Bxc5 Nxc5 19. Qa3 Qxe5 20. Ne2 b6 21.
Kh1 h6 22. f4 Qxe4 23. f5 Bh7 24. f6 g5 25. Ng3 Qd4 26. Qf3 Rad8 27. b3 Bg6 28.
Rcd1 Qe5 29. Rde1 Qd4 30. Nf5 Bxf5 31. Qxf5 Rd5 32. Bxd5 Qxd5 33. Re5 Qxb3 34.
h4 Qg3 35. Rf3 Qxh4+ 36. Rh3 Qf4 37. Qxf4 gxf4 38. Rxh6 1-0

[Event "Copa Latinoamericana de Ajedrez 2011"]
[Site "Montevideo URU"]
[Date "2011.11.04"]
[Round "6.5"]
[White "De Dovitiis, Alejo"]
[Black "Iturrizaga, Eduardo"]
[Result "0-1"]
[WhiteElo "2366"]
[BlackElo "2656"]
[PlyCount "114"]
[EventDate "2011.11.01"]
[EventType "swiss"]
[EventRounds "9"]
[EventCountry "URU"]
[Source "lmi"]
[SourceDate "2011.11.01"]

1. e4 c5 2. Nf3 g6 3. c3 Nf6 4. e5 Nd5 5. d4 cxd4 6. cxd4 Bg7 7. Bc4 Nb6 8. Bb3
d6 9. O-O O-O 10. h3 Nc6 11. Bf4 dxe5 12. dxe5 Be6 13. Nc3 Bxb3 14. axb3 Qc8
15. Qe2 Qe6 16. Qb5 Rfd8 17. Rfd1 Qf5 18. Rxd8+ Rxd8 19. Be3 Qc2 20. Bxb6 axb6
21. Na4 Rd1+ 22. Rxd1 Qxd1+ 23. Kh2 Bh6 24. Ng1 Bf4+ 25. g3 Bxe5 26. Kg2 Bd4
27. Ne2 e5 28. Nxd4 Qxd4 29. Nxb6 Qe4+ 30. Kg1 Nd4 31. Qe8+ Kg7 32. Nd7 Nf3+
33. Kg2 Nh4+ 34. Kf1 Qb1+ 35. Ke2 Qxb2+ 36. Kf1 Qb1+ 37. Ke2 Qe4+ 38. Kd1 Qd3+
39. Kc1 Qc3+ 40. Kd1 Qxb3+ 41. Ke2 Qf3+ 42. Kd2 Qxf2+ 43. Kc1 Qe1+ 44. Kc2 Qe4+
45. Kb3 Qd5+ 46. Kb2 Qb5+ 47. Ka3 Qa6+ 48. Kb2 Qe2+ 49. Ka3 Qd3+ 50. Kb2 Qd2+
51. Kb3 Qd6 52. gxh4 e4 53. Kc4 e3 54. Ne5 b5+ 55. Kxb5 Qd5+ 56. Kb4 e2 57. Nc4
Qe6 0-1

[Event "Copa Latinoamericana de Ajedrez 2011"]
[Site "Montevideo URU"]
[Date "2011.11.04"]
[Round "6.6"]
[White "Hernandez Carmenates, Holden"]
[Black "Lujan, Carolina"]
[Result "1-0"]
[WhiteElo "2564"]
[BlackElo "2361"]
[PlyCount "71"]
[EventDate "2011.11.01"]
[EventType "swiss"]
[EventRounds "9"]
[EventCountry "URU"]
[Source "lmi"]
[SourceDate "2011.11.01"]

1. d4 f5 2. g3 Nf6 3. Bg2 g6 4. Nf3 Bg7 5. O-O O-O 6. c4 d6 7. Nc3 c6 8. Rb1
Na6 9. b4 Ne4 10. Bb2 Kh8 11. Qb3 e6 12. Nxe4 fxe4 13. Nd2 d5 14. f3 e3 15.
Qxe3 Nxb4 16. a3 Na6 17. f4 Nc7 18. Rbc1 b6 19. Nf3 Bb7 20. Ne5 Rc8 21. c5 Bxe5
22. dxe5 Na6 23. Bd4 bxc5 24. Bxc5 Nxc5 25. Rxc5 Qb6 26. Bh3 Rce8 27. a4 a5 28.
Qc3 Ba6 29. Qxa5 Qb2 30. Rf2 Qb1+ 31. Bf1 Bc4 32. Rxc6 g5 33. Qc5 gxf4 34. Rxe6
Rc8 35. Rc6 Rce8 36. Rf6 1-0

[Event "Copa Latinoamericana de Ajedrez 2011"]
[Site "Montevideo URU"]
[Date "2011.11.04"]
[Round "6.7"]
[White "Larrea, Manuel"]
[Black "Lemos, Damian"]
[Result "0-1"]
[WhiteElo "2327"]
[BlackElo "2543"]
[PlyCount "38"]
[EventDate "2011.11.01"]
[EventType "swiss"]
[EventRounds "9"]
[EventCountry "URU"]
[Source "lmi"]
[SourceDate "2011.11.01"]

1. e4 c5 2. c3 Nf6 3. e5 Nd5 4. d4 cxd4 5. Nf3 e6 6. cxd4 d6 7. a3 Bd7 8. Bd3
Bc6 9. O-O Nd7 10. Re1 dxe5 11. dxe5 g6 12. Bd2 Bg7 13. Nc3 O-O 14. Qe2 Rc8 15.
Rac1 Nxc3 16. Bxc3 Bxf3 17. gxf3 Bxe5 18. Bxe5 Rxc1 19. Rxc1 Qg5+ 0-1

[Event "Copa Latinoamericana de Ajedrez 2011"]
[Site "Montevideo URU"]
[Date "2011.11.04"]
[Round "6.8"]
[White "Cubas, Jose"]
[Black "Fabian, Gaston"]
[Result "1-0"]
[WhiteElo "2536"]
[BlackElo "2352"]
[PlyCount "89"]
[EventDate "2011.11.01"]
[EventType "swiss"]
[EventRounds "9"]
[EventCountry "URU"]
[Source "lmi"]
[SourceDate "2011.11.01"]

1. e4 c5 2. Nc3 d6 3. f4 g6 4. Nf3 Bg7 5. Bc4 Nc6 6. O-O Nf6 7. d3 O-O 8. a3
Nd4 9. h3 e6 10. Ba2 Rb8 11. Nxd4 cxd4 12. Ne2 Qb6 13. Kh1 Bd7 14. Bb3 Bc6 15.
Qe1 Nd7 16. Bd2 Nc5 17. Ba5 Qa6 18. Ba2 b6 19. Bd2 Bb5 20. Ng3 Kh8 21. f5 exf5
22. exf5 Rbe8 23. Qf2 Nd7 24. Bb4 Be5 25. Ne4 Nc5 26. Ng5 f6 27. Nf7+ Kg7 28.
Qh4 Rxf7 29. Bxf7 Rf8 30. Bd5 g5 31. Qf2 Qc8 32. Qf3 a5 33. Bd2 a4 34. Rae1 Qc7
35. h4 h6 36. Re2 Qd8 37. g3 Rh8 38. Rh2 Bd7 39. Kg1 Be8 40. c3 Qe7 41. Re2 Qc7
42. cxd4 Bxd4+ 43. Be3 Bxe3+ 44. Rxe3 Nd7 45. d4 1-0

[Event "Copa Latinoamericana de Ajedrez 2011"]
[Site "Montevideo URU"]
[Date "2011.11.04"]
[Round "6.9"]
[White "Zambrana, Oswaldo"]
[Black "Izquierdo, Daniel"]
[Result "1-0"]
[WhiteElo "2502"]
[BlackElo "2277"]
[PlyCount "77"]
[EventDate "2011.11.01"]
[EventType "swiss"]
[EventRounds "9"]
[EventCountry "URU"]
[Source "lmi"]
[SourceDate "2011.11.01"]

1. e4 e5 2. Nf3 Nc6 3. Bc4 Bc5 4. O-O Nf6 5. d3 d6 6. c3 a6 7. Bb3 Ba7 8. Be3
Be6 9. Nbd2 Qd7 10. Bxa7 Bxb3 11. Qxb3 Rxa7 12. d4 O-O 13. Rad1 Re8 14. Rfe1 b6
15. Qc2 Raa8 16. Nc4 exd4 17. cxd4 Nxe4 18. Rxe4 Rxe4 19. Qxe4 d5 20. Nfe5 Qe6
21. Qf3 Re8 22. g3 Nxd4 23. Rxd4 dxc4 24. Nxc4 b5 25. Ne3 Qxa2 26. Qc6 Rf8 27.
Rd2 g6 28. Qxc7 Qb1+ 29. Nf1 Re8 30. Qc2 Qa2 31. Ne3 a5 32. Kg2 Qe6 33. Qd3 b4
34. Qd5 Qa6 35. Rc2 a4 36. Rc7 Rf8 37. Ng4 Qa8 38. Nf6+ Kg7 39. Rxf7+ 1-0

[Event "Copa Latinoamericana de Ajedrez 2011"]
[Site "Montevideo URU"]
[Date "2011.11.04"]
[Round "6.10"]
[White "Alonso, Salvador"]
[Black "Hernandez, Alexander"]
[Result "1-0"]
[WhiteElo "2483"]
[BlackElo "2258"]
[PlyCount "60"]
[EventDate "2011.11.01"]
[EventType "swiss"]
[EventRounds "9"]
[EventCountry "URU"]
[Source "lmi"]
[SourceDate "2011.11.01"]

1. e4 e5 2. Nf3 Nc6 3. Bb5 a6 4. Ba4 Nf6 5. O-O Be7 6. Re1 b5 7. Bb3 d6 8. c3
O-O 9. h3 Na5 10. Bc2 c5 11. d4 Nc6 12. d5 Nb8 13. a4 b4 14. cxb4 cxb4 15. a5
Nbd7 16. Nbd2 Nc5 17. Nb3 Nfd7 18. Be3 Bf6 19. Nxc5 Nxc5 20. Bxc5 dxc5 21. Ba4
Bb7 22. Nd2 Qxa5 23. Bc6 Qc7 24. Bxb7 Qxb7 25. Nc4 Rfd8 26. Ra5 Rdc8 27. Qa4
Be7 28. Ra1 f5 29. exf5 Rd8 30. Qc6 Rab8 1-0

[Event "Copa Latinoamericana de Ajedrez 2011"]
[Site "Montevideo URU"]
[Date "2011.11.04"]
[Round "6.11"]
[White "Cori Tello, Jorge"]
[Black "Menna Barreto, Felipe Kubiaki"]
[Result "1-0"]
[WhiteElo "2482"]
[BlackElo "2244"]
[PlyCount "119"]
[EventDate "2011.11.01"]
[EventType "swiss"]
[EventRounds "9"]
[EventCountry "URU"]
[Source "lmi"]
[SourceDate "2011.11.01"]

1. d4 d5 2. c4 e6 3. Nf3 Nf6 4. g3 Bb4+ 5. Bd2 Be7 6. Bg2 O-O 7. Qc2 c6 8. O-O
b6 9. b3 Bb7 10. Rd1 Nbd7 11. Nc3 Rc8 12. e4 dxe4 13. Ng5 c5 14. dxc5 Nxc5 15.
Bf4 Qe8 16. Ncxe4 Nfxe4 17. Nxe4 Bxe4 18. Bxe4 Nxe4 19. Qxe4 Rd8 20. Qb7 Bf6
21. Rab1 Qe7 22. Qxe7 Bxe7 23. Bc7 Rxd1+ 24. Rxd1 Bc5 25. Rd7 f6 26. Bd6 Bxd6
27. Rxd6 e5 28. Kf1 Rf7 29. Ke2 Kf8 30. Kd3 Ke7 31. c5 bxc5 32. Ra6 Kd8 33. Kc4
Rc7 34. Kd5 Kd7 35. g4 Ke7 36. f3 g6 37. h3 Kf7 38. h4 Re7 39. Kxc5 f5 40. g5
e4 41. fxe4 Re5+ 42. Kd4 Rxe4+ 43. Kd5 Re7 44. b4 Rb7 45. a3 Kg7 46. Ke5 Re7+
47. Kf4 Re4+ 48. Kf3 Re7 49. b5 Kf8 50. a4 Ke8 51. Kf4 Re4+ 52. Kf3 Re7 53. h5
gxh5 54. Kf4 h4 55. Kxf5 h3 56. Rh6 h2 57. Rxh2 a6 58. b6 a5 59. Rb2 Rb7 60.
Ke6 1-0

[Event "Copa Latinoamericana de Ajedrez 2011"]
[Site "Montevideo URU"]
[Date "2011.11.04"]
[Round "6.12"]
[White "El Ters, Antouan"]
[Black "Rodriguez Vila, Andres"]
[Result "0-1"]
[WhiteElo "2240"]
[BlackElo "2505"]
[PlyCount "59"]
[EventDate "2011.11.01"]
[EventType "swiss"]
[EventRounds "9"]
[EventCountry "URU"]
[Source "lmi"]
[SourceDate "2011.11.01"]

1. e4 e6 2. d4 d5 3. Nc3 Bb4 4. exd5 exd5 5. Nf3 Ne7 6. a3 Ba5 7. b4 Bb6 8. Na4
Bf5 9. Bd3 O-O 10. O-O Nd7 11. Re1 Bxd3 12. Qxd3 Ng6 13. Qf5 c6 14. Nxb6 axb6
15. Bg5 f6 16. Bd2 b5 17. h4 Rf7 18. h5 Ngf8 19. Nh4 Nb6 20. Qg4 Nc4 21. Nf5
Kh8 22. Bf4 Qd7 23. Qh3 Re8 24. Rxe8 Qxe8 25. h6 g6 26. Nd6 Nxd6 27. Bxd6 Kg8
28. Bxf8 Kxf8 29. Qf3 f5 30. Qe4 0-1

[Event "Copa Latinoamericana de Ajedrez 2011"]
[Site "Montevideo URU"]
[Date "2011.11.04"]
[Round "6.13"]
[White "Rioseco Pinochet, Fernan"]
[Black "Slipak, Sergio"]
[Result "1/2-1/2"]
[WhiteElo "2192"]
[BlackElo "2440"]
[PlyCount "24"]
[EventDate "2011.11.01"]
[EventType "swiss"]
[EventRounds "9"]
[EventCountry "URU"]
[Source "lmi"]
[SourceDate "2011.11.01"]

1. d4 Nf6 2. c4 e6 3. Nc3 Bb4 4. e3 b6 5. Nge2 c5 6. d5 b5 7. a3 Ba5 8. Nf4 b4
9. axb4 Bxb4 10. Bd2 O-O 11. Bd3 e5 12. Nh5 d6 1/2-1/2

[Event "Copa Latinoamericana de Ajedrez 2011"]
[Site "Montevideo URU"]
[Date "2011.11.04"]
[Round "6.14"]
[White "Krysa, Leandro"]
[Black "Fell, Sebastian"]
[Result "1-0"]
[WhiteElo "2396"]
[BlackElo "2194"]
[PlyCount "45"]
[EventDate "2011.11.01"]
[EventType "swiss"]
[EventRounds "9"]
[EventCountry "URU"]
[Source "lmi"]
[SourceDate "2011.11.01"]

1. d4 Nf6 2. c4 g6 3. Nc3 Bg7 4. e4 d6 5. Nf3 O-O 6. Be2 e5 7. O-O Nc6 8. Be3
Ng4 9. Bg5 f6 10. Bh4 h5 11. d5 Ne7 12. Nd2 Qe8 13. c5 g5 14. Bg3 f5 15. exf5
Bxf5 16. h3 Nf6 17. Nc4 b5 18. cxd6 bxc4 19. dxe7 Qxe7 20. Bxc4 Kh8 21. Re1 Qc5
22. Bd3 h4 23. Bxe5 1-0

[Event "Copa Latinoamericana de Ajedrez 2011"]
[Site "Montevideo URU"]
[Date "2011.11.04"]
[Round "6.15"]
[White "Valdes Escobar, Alvaro"]
[Black "Perez, Maximiliano"]
[Result "1/2-1/2"]
[WhiteElo "2385"]
[BlackElo "2193"]
[PlyCount "88"]
[EventDate "2011.11.01"]
[EventType "swiss"]
[EventRounds "9"]
[EventCountry "URU"]
[Source "lmi"]
[SourceDate "2011.11.01"]

1. Nf3 Nf6 2. c4 g6 3. g3 Bg7 4. Bg2 O-O 5. O-O d6 6. d4 Nbd7 7. Nc3 e5 8. e4
c6 9. h3 Qa5 10. d5 cxd5 11. cxd5 b5 12. Nd2 b4 13. Nb3 Qd8 14. Ne2 a5 15. a3
Ba6 16. axb4 axb4 17. Be3 Nb6 18. Bd2 Bd3 19. Bg5 Rxa1 20. Nxa1 Bb5 21. Nc2 Qc8
22. b3 Bxe2 23. Qxe2 Qc3 24. Rb1 Rc8 25. Ne1 Nfd7 26. Bd2 Qd4 27. Be3 Qc3 28.
Nd3 f5 29. Bd2 Qd4 30. Nxb4 Nb8 31. Be1 f4 32. Kh2 N6d7 33. Qb5 Nf6 34. Qd3 Qa7
35. Qd1 fxg3+ 36. fxg3 Bh6 37. Ra1 Qb6 38. Qd3 Be3 39. Bd2 Bf2 40. Bf3 Rf8 41.
Rf1 Nbd7 42. Nc6 Nc5 43. Qe2 Ncxe4 44. Bxe4 Nxe4 1/2-1/2

[Event "Copa Latinoamericana de Ajedrez 2011"]
[Site "Montevideo URU"]
[Date "2011.11.04"]
[Round "6.16"]
[White "Cordero, Daniela"]
[Black "Claverie, Raul"]
[Result "0-1"]
[WhiteElo "2062"]
[BlackElo "2504"]
[PlyCount "88"]
[EventDate "2011.11.01"]
[EventType "swiss"]
[EventRounds "9"]
[EventCountry "URU"]
[Source "lmi"]
[SourceDate "2011.11.01"]

1. d4 f5 2. Nf3 Nf6 3. c4 g6 4. b4 e6 5. Qb3 a5 6. b5 b6 7. e3 Bb7 8. Be2 Ne4
9. O-O Qf6 10. Bb2 Bg7 11. Nc3 d6 12. Rac1 Ng5 13. Qd1 Ne4 14. Na4 Qe7 15. Ba3
Nd7 16. Ne1 c5 17. bxc6 Bxc6 18. Nd3 O-O 19. Bf3 Rac8 20. Ndb2 Rfd8 21. Bxe4
fxe4 22. Qb3 Rb8 23. Nc3 Nf6 24. Nb5 Ng4 25. Nd1 Nh6 26. Ndc3 Nf5 27. d5 exd5
28. cxd5 Bd7 29. Na7 Nh4 30. Kh1 Rf8 31. Rc2 Rbe8 32. Nc6 Qg5 33. Rg1 Nf5 34.
Qxb6 Qh4 35. Nd1 Bxc6 36. dxc6 Be5 37. Qb3+ Kg7 38. g3 Qg4 39. Rd2 Qh3 40. Bb2
Nh6 41. Bxe5+ Rxe5 42. Qc4 Ng4 43. Rb2 Rh5 44. Qe6 Nxf2+ 0-1

[Event "Copa Latinoamericana de Ajedrez 2011"]
[Site "Montevideo URU"]
[Date "2011.11.04"]
[Round "6.17"]
[White "Real De Azua, Ernesto"]
[Black "Coppola, Claudio"]
[Result "1-0"]
[WhiteElo "2459"]
[BlackElo "2092"]
[PlyCount "153"]
[EventDate "2011.11.01"]
[EventType "swiss"]
[EventRounds "9"]
[EventCountry "URU"]
[Source "lmi"]
[SourceDate "2011.11.01"]

1. d4 Nf6 2. c4 c5 3. d5 b5 4. cxb5 a6 5. bxa6 g6 6. Nc3 Bxa6 7. e4 Bxf1 8.
Kxf1 d6 9. g3 Bg7 10. Kg2 O-O 11. Nf3 Nbd7 12. h3 Qa5 13. Re1 Rfb8 14. e5 dxe5
15. Nxe5 Nxe5 16. Rxe5 Ra7 17. Qe2 Rbb7 18. a4 Ne8 19. Re3 Nd6 20. Ra3 Nf5 21.
Rd3 Nd4 22. Qd1 Qb4 23. Nb5 Nxb5 24. axb5 c4 25. b6 Qxb6 26. Be3 Qb5 27. Rxa7
Rxa7 28. Rd2 Rd7 29. Qa1 Qb7 30. Qa4 e6 31. Qxc4 Rxd5 32. Qe4 Bxb2 33. Rd1 Rd7
34. Qxb7 Rxb7 35. Rb1 Rb4 36. Bd2 Rb6 37. Bc3 Bxc3 38. Rxb6 h5 39. Kf3 Kg7 40.
Rb7 Bd4 41. Rd7 Bc5 42. Rc7 Bd4 43. Rd7 Bc5 44. Ke2 g5 45. g4 hxg4 46. hxg4 Kg6
47. Rc7 Bd4 48. f3 f5 49. Kd3 Be5 50. Rb7 Kf6 51. Rb5 Bd6 52. Kd4 Be7 53. gxf5
exf5 54. Rb6+ Kf7 55. Ke5 f4 56. Kf5 Kg7 57. Rb7 Kf7 58. Ra7 Kf8 59. Ke6 Bc5
60. Ra5 Be3 61. Rf5+ Ke8 62. Rxg5 Kf8 63. Rg2 Bd4 64. Rg4 Be3 65. Rg5 Bd2 66.
Rf5+ Kg7 67. Rg5+ Kf8 68. Rd5 Be3 69. Kf6 Ke8 70. Rd1 Bc5 71. Rc1 Bd4+ 72. Ke6
Kf8 73. Rc7 Be3 74. Rf7+ Ke8 75. Rd7 Kf8 76. Rc7 Bd4 77. Rf7+ 1-0

[Event "Copa Latinoamericana de Ajedrez 2011"]
[Site "Montevideo URU"]
[Date "2011.11.04"]
[Round "6.18"]
[White "Carvalho, Guillermo"]
[Black "Dos Santos, Ramiro"]
[Result "1/2-1/2"]
[WhiteElo "2244"]
[BlackElo "2453"]
[PlyCount "105"]
[EventDate "2011.11.01"]
[EventType "swiss"]
[EventRounds "9"]
[EventCountry "URU"]
[Source "lmi"]
[SourceDate "2011.11.01"]

1. c4 g6 2. Nc3 Bg7 3. g3 c5 4. Bg2 Nc6 5. Nf3 d6 6. O-O Nh6 7. d4 cxd4 8. Bxh6
Bxh6 9. Nxd4 Ne5 10. b3 O-O 11. Qc2 Rb8 12. Rad1 Bd7 13. Nd5 Bg7 14. Qd2 a6 15.
a4 Nc6 16. e3 Nxd4 17. exd4 e6 18. Ne3 Qe7 19. Rc1 Rfc8 20. Rfd1 Qd8 21. Qb4
Bf8 22. Qd2 h5 23. h4 Be8 24. Qe1 Bg7 25. c5 d5 26. a5 g5 27. hxg5 Qxg5 28. Nf1
h4 29. gxh4 Qxh4 30. Rc3 Bxd4 31. Rg3+ Kf8 32. b4 Bb5 33. Ne3 Bg7 34. Rh3 Qf4
35. Rf3 Qe5 36. Qd2 d4 37. Ng4 Qe2 38. Qf4 Qxd1+ 39. Kh2 Qxf3 40. Bxf3 Rd8 41.
Ne5 Bxe5 42. Qxe5 d3 43. Qh8+ Ke7 44. Qh4+ Ke8 45. Qf6 d2 46. Bh5 Kd7 47. Qxf7+
Kc8 48. Qxe6+ Bd7 49. Qh6 Bf5 50. Qf6 Bd7 51. Qh6 Ba4 52. Bg4+ Bd7 53. Qf4
1/2-1/2